| Tag |
First Indicator |
Second Indicator |
Subfields |
| LEADER |
00000cam a2200000Ma 4500 |
| 001 |
in00002371621 |
| 005 |
20151109043834.0 |
| 008 |
850416s1791 sp 000 0 spa d |
| 035 |
|
|
|a (OCoLC)ocm83536791
|
| 035 |
|
|
|a (OCoLC)83536791
|
| 040 |
|
|
|a COCSL
|c SUTRO
|d TXA
|d UtOrBLW
|
| 041 |
1 |
|
|a spa
|h ita
|
| 049 |
|
|
|a TXAM
|
| 090 |
|
|
|a BX1756.T82
|b H66 1791
|
| 100 |
1 |
|
|a Turchi, Adeodato,
|d 1724-1803.
|
| 245 |
1 |
0 |
|a Homilia sobre la lectura de los libros prohibidos :
|b recitada en el dia de Pentecostes del año MDCCXCI /
|c por Adeodato Turchi ; traducida del italiano al español por Miguel de Herrezuelo.
|
| 264 |
|
1 |
|a Barcelona :
|b Gibert y Tutó,
|c [1791?]
|
| 300 |
|
|
|a 22 pages ;
|c 21 cm.
|
| 336 |
|
|
|a text
|b txt
|2 rdacontent
|
| 337 |
|
|
|a unmediated
|b n
|2 rdamedia
|
| 338 |
|
|
|a volume
|b nc
|2 rdacarrier
|
| 500 |
|
|
|a Cushing Library Rare Books copy forms part of the Lee Fontanella Collection.
|
| 650 |
|
0 |
|a Prohibited books
|x Sermons.
|
| 650 |
|
0 |
|a Pentecost Festival
|x Sermons.
|
| 948 |
|
|
|a cataloged
|b h
|c 2008/4/23
|d c
|e vilik
|f 1:35:29 pm
|
| 994 |
|
|
|a C0
|b TXA
|
| 999 |
|
|
|a MARS
|
| 999 |
f |
f |
|s 150278eb-12c1-360a-96d5-e7dacff8c7fa
|i 5ebdb4a9-3af3-3391-8f7e-b7b9473daf10
|t 0
|
| 952 |
f |
f |
|p noncirc
|a Texas A&M University
|b College Station
|c Cushing Memorial Library & Archives
|d Cushing: Rare Books (Does not check out)
|t 0
|e BX1756.T82 H66 1791
|h Library of Congress classification
|i unmediated -- volume
|m A14851974965
|
| 998 |
f |
f |
|a BX1756.T82 H66 1791
|t 0
|l Cushing: Rare Books (Does not check out)
|